Você consegue adivinhar os artilheiros dos times da Série A? - Statistics

Estatísticas Gerais
  • Esse quiz foi jogado 50 vezes
  • A pontuação média é 16 de 20
Estatísticas das Respostas
Hint Resposta % Correto
Flamengo Arrascaeta
95%
Cruzeiro Kaio Jorge
93%
Botafogo Savarino
93%
Corinthians Yuri Alberto
93%
Internacional Alan Patrick
91%
Vasco Veggeti
91%
Fluminense Cano
89%
São Paulo Luciano
86%
Palmeiras Flaco López
84%
Ceará Pedro Raul
82%
Bahia Willian José
80%
Mirassol Reinaldo
77%
Santos Álvaro Barreal
75%
Vitória Renato Kayzer
75%
Fortaleza Breno Lopes
73%
Grêmio Carlos Vinicius
73%
Atlético Mineiro Rony
73%
Juventude Gabriel Taliari
66%
Sport Derik Lacerda
64%
Red Bull Bragantino Jhonatan
57%
Nenhum quiz correspondente encontrado
Distribuição das Pontuações
Porcentagem de Pessoas com Cada Pontuação
Percentil de Números Respondidos
Sua Pontuação Histórica
Você não jogou esse quiz